Physics and human affairs (Record no. 81901)

MARC details
000 -LEADER
fixed length control field 01053nam a2200217 a 4500
008 - FIXED-LENGTH DATA ELEMENTS--GENERAL INFORMATION
fixed length control field 120416s1982 ||||||||||||||||| || u
020 ## - INTERNATIONAL STANDARD BOOK NUMBER
International Standard Book Number 0471047465
050 ## - LIBRARY OF CONGRESS CALL NUMBER
Classification number QC 23 Hob
100 ## - MAIN ENTRY--PERSONAL NAME
Personal name Hobson, Art
245 10 - TITLE STATEMENT
Title Physics and human affairs
260 ## - PUBLICATION, DISTRIBUTION, ETC.
Place of publication, distribution, etc. New York:
Name of publisher, distributor, etc. John Wiley and Sons
Date of publication, distribution, etc. 1982
300 ## - PHYSICAL DESCRIPTION
Extent xiii, 418p. : ill
350 ## -
-- 0.00
650 ## - SUBJECT ADDED ENTRY--TOPICAL TERM
Topical term or geographic name entry element PHYSICS--PHILOSOPHY
650 ## - SUBJECT ADDED ENTRY--TOPICAL TERM
Topical term or geographic name entry element PHYSICS--SOCIAL ASPECTS
650 #0 - SUBJECT ADDED ENTRY--TOPICAL TERM
Topical term or geographic name entry element PHYSICS
995 ## -
-- MAIN LIBRARY OPEN ACCESS
-- 0.00
-- 012167
-- CBU-MAIN LIBRARY (Kitwe)
-- 1
-- 25.15
-- QC 23 Hob
-- AVAILABLE
-- 012167
-- Main Library Open Access Collection
995 ## -
-- MAIN LIBRARY OPEN ACCESS
-- 0.00
-- 012164
-- CBU-MAIN LIBRARY (Kitwe)
-- 2
-- 25.15
-- QC 23 Hob
-- AVAILABLE
-- 012164
-- Main Library Open Access Collection
995 ## -
-- BINDERY (DAMAGED)
-- 0.00
-- 725395
-- CBU-MAIN LIBRARY (Kitwe)
-- 3
-- 25.15
-- QC 23 Hob
-- DAMAGED
-- 012165
-- Main Library Open Access Collection
995 ## -
-- BINDERY (DAMAGED)
-- 0.00
-- 725394
-- CBU-MAIN LIBRARY (Kitwe)
-- 4
-- 25.15
-- QC 23 Hob
-- DAMAGED
-- 012166
-- Main Library Open Access Collection
999 ## -
-- 81901
-- 81901
Holdings
Withdrawn status Lost status Source of classification or shelving scheme Damaged status Not for loan Permanent Location Current Location Shelving location Date acquired Total Checkouts Full call number Barcode Date last seen Copy number Price effective from Koha item type
          CBU-MAIN LIBRARY, KITWE. CBU-MAIN LIBRARY, KITWE.   09/12/2023   QC 23 Hob 012167 09/12/2023 1 09/12/2023 MONOGRAPH
          CBU-MAIN LIBRARY, KITWE. CBU-MAIN LIBRARY, KITWE.   09/12/2023   QC 23 Hob 012164 09/12/2023 2 09/12/2023 MONOGRAPH
          CBU-MAIN LIBRARY, KITWE. CBU-MAIN LIBRARY, KITWE.   09/12/2023   QC 23 Hob 012165 09/12/2023 3 09/12/2023 MONOGRAPH
          CBU-MAIN LIBRARY, KITWE. CBU-MAIN LIBRARY, KITWE.   09/12/2023   QC 23 Hob 012166 09/12/2023 4 09/12/2023 MONOGRAPH